Ленинским курсом мира: избранные речи и статьи

التفاصيل البيبلوغرافية
المؤلف الرئيسي: Громыко А. А. Андрей Андреевич
اللغة:الروسية
منشور في: Москва, Политиздат, 1984
الموضوعات:
التنسيق: MixedMaterials كتاب
KOHA link:https://koha.lib.tpu.ru/cgi-bin/koha/opac-detail.pl?biblionumber=297026

MARC

LEADER 00000nam0a2200000 4500
001 297026
005 20231102000951.0
020 |a RU  |b 84-52782 
035 |a (RuTPU)RU\TPU\book\322146 
090 |a 297026 
100 |a 20150604d1984 m y0rusy5003 ca 
101 0 |a rus 
102 |a RU 
105 |a ac z 001zy 
200 1 |a Ленинским курсом мира  |e избранные речи и статьи  |f А. А. Громыко 
210 |a Москва  |c Политиздат  |d 1984 
215 |a 735 с.  |c 1 л. портр. 
320 |a Предметный указатель: с. 712-724 
606 1 |a Мирное сосуществование  |x Курс внешней политики  |y СССР  |2 stltpush  |3 (RuTPU)RU\TPU\subj\44086  |9 63460 
610 1 |a внешняя политика 
610 1 |a СССР 
610 1 |a международные отношения 
610 1 |a история 
610 1 |a 20 век 
610 1 |a речи 
610 1 |a статьи 
686 |a Ф4(2)3  |v LBC/SL-A  |2 rubbk 
700 1 |a Громыко  |b А. А.  |g Андрей Андреевич  |4 070 
801 0 |a RU  |b RuMRKP  |c 19950704  |g psbo 
801 1 |a RU  |b 63413507  |c 20150604 
801 2 |a RU  |b 63413507  |c 20170726  |g RCR 
942 |c BK